000 00920cam a2200241 a 4500
003 CO-ViMGA
008 050516s1996 ck r 000 0bspa d
020 _a9586016609
040 _aCO-ViMGA
_bspa
_cCO-ViMGA
043 _as-ck---
082 0 4 _a920.5
_219
_bD21v
100 1 _aDeas, Malcolm
_d1941-
_92624
245 1 0 _aVida y opiniones de Mr. William Wills
_cMalcolm Deas
250 _a1a ed.
260 _aBogotá
_bBanco de la República
_c1996.
300 _a2 v.
_c23 cm.
500 _aColección Alfredo Vázquez Carrizosa.
504 _aIncluye referencias bibliográficas.
505 0 _gVol. 1.
_tNacimiento, educación, juventud, matrimonio, familia, muerte hasta el legado de William Wills. --
_gVol. 2.
_tAsuntos económicos y fiscales, caminos, política y miscelánea.
600 1 4 _aWills, William
_d1805-1875
_vColecciones de Escritos
_92625
651 4 _aColombia
_xComercio
_92626
942 _2ddc
_cBK
999 _c35324
_d35324